000 00584nam a2200181 i 4500
001 150727
003 ES-MaACL
005 20230906203651.0
007 t|
008 071107s1925 fr ||||1| fre d
100 1 _aDinet, Etienne.
_944836
245 1 0 _aTableaux de la vie arabe /
_ccomposition de E. Dinet ; commentées par Sliman ben.
260 _aParis :
_bL'Édition d'art,
_c[1925?]
300 _a143 p., [24] h. de lám. ;
_c20 cm.
500 _aLa Biblioteca Nacional de Francia lo fecha en 1925.
700 1 _aSliman ben Ibrahim.
_9106783
852 _aES-MaACL
_jF-12576
999 _c150727
_d150727